Gminy powiatu puckiego (z mapą) - Statystyki

Ogólne statystyki
  • Ten quiz został rozwiązany 50 razy
  • Średni wynik to 6 z 7
Odpowiedzi na mapie
Odpowiedzi zakodowano w zielono-czerwonej skali na mapie do tego quizu, zgodnie z poniższymi procentami.
 
Statystyki odpowiedzi
Status gminy Gmina % Poprawnych
Miejska Hel
100%
Miejska Puck
100%
Wiejska Puck
100%
Miejsko-wiejska Władysławowo
97%
Miejsko-wiejska Jastarnia
94%
Wiejska Kosakowo
53%
Wiejska Krokowa
50%
Nie znaleziono quizów pasujących do podanych kryteriów
Rozkład punktacji
Procent ludzi z każdym wynikiem
Percentyl według liczby udzielonych odpowiedzi
Twoja historia wyników
Nie rozwiązałeś tego quizu